000 00359nam a2200133Ia 4500
003 GCL
008 140319s9999 xx 000 0 ara d
040 _aGCL /
_cGCL
082 0 4 _a649
_bخ ح
245 1 0 _aحتى يصل طبيب اطفال
260 _a[S.N] :
_bالهيئة المصرية العامة للكتاب ،
_c1988
300 _a132 ص
490 _a
999 _c59131
_d59131